[Event "1st League TCh-SCG"]
[Site "Budva SCG"]
[Date "2003.09.03"]
[Round "6"]
[White "Lajthajm,B"]
[Black "Perunovic,Mil"]
[Result "1-0"]
[WhiteElo "2422"]
[BlackElo "2527"]

1.d4 Nf6 2.Nf3 e6 3.c4 Bb4+ 4.Nbd2 b6 5.a3 Bxd2+ 6.Bxd2 Bb7 7.Ne5 d6 8.Nd3 Nbd7
9.f3 c5 10.e3 O-O 11.Be2 Rc8 12.Rc1 cxd4 13.exd4 e5 14.Be3 Qe7 15.dxe5 dxe5
16.Nf2 Rfd8 17.O-O Nc5 18.Qe1 Ne6 19.Qb4 Qc7 20.Rfd1 Nd4 21.Bxd4 exd4 22.Qd2 Nh5
23.b4 Nf4 24.Bf1 Ne6 25.Bd3 Qf4 26.Qxf4 Nxf4 27.Bf1 Bc6 28.Rd2 h5 29.c5 Bb7
30.Nd3 Nd5 31.b5 bxc5 32.Nxc5 Ne3 33.Be2 h4 34.Kf2 Rd5 35.Nb3 Rc3 36.Rxc3 dxc3
37.Rd3 Rxb5 38.Rd8+  1-0

[Event "1st League TCh-SCG"]
[Site "Budva SCG"]
[Date "2003.09.08"]
[Round "10"]
[White "Neverov,V"]
[Black "Ilincic,Z"]
[Result "1-0"]
[WhiteElo "2566"]
[BlackElo "2557"]

1.d4 Nf6 2.c4 e6 3.Nf3 Bb4+ 4.Nbd2 O-O 5.e3 d5 6.a3 Be7 7.Bd3 b6 8.cxd5 exd5
9.b4 a5 10.b5 c5 11.bxc6 Nxc6 12.O-O Ba6 13.Bxa6 Rxa6 14.a4 Ra8 15.Nb1 Rc8
16.Na3 Bd6 17.Nb5 Bb8 18.Ba3 Re8 19.Rc1 Qd7 20.Qb3 Re6 21.Rc2 Ne4 22.Rfc1 Rd8
23.Nc3 Rg6 24.Nxe4 dxe4 25.Nh4 Rh6 26.Qb5 Rxh4 27.Qxc6 Bxh2+ 28.Kf1 Qxc6
29.Rxc6 f5 30.Rc8 Rxc8 31.Rxc8+ Kf7 32.g3 Rh6 33.d5 g5 34.Rf8+ Kg7 35.Rxf5 Kg6
36.Re5  1-0

[Event "EYb16"]
[Site "Budva YUG"]
[Date "2003.09.20"]
[Round "7"]
[White "Ryzhov,I"]
[Black "Gavariev,R"]
[Result "1/2-1/2"]
[WhiteElo "2240"]
[BlackElo "2256"]

1.d4 Nf6 2.c4 e6 3.Nf3 Bb4+ 4.Nbd2 O-O 5.e3 c5 6.dxc5 Bxc5 7.Be2 b6 8.O-O Bb7
9.Qc2 Be7 10.a3 d6 11.b3 Nbd7 12.Bb2 Qc7 13.Rac1 Rac8 14.Qb1 Rfd8 15.Qa1 Qb8
16.Rfd1 Qa8 17.Bf1 Nc5 18.Qa2 a6 19.b4 Nce4 20.Qa1 Nxd2 21.Nxd2 Bc6 22.b5 axb5
23.cxb5 Be8 24.Bd4 Qb8 25.Rxc8 Rxc8 26.Nc4 e5 27.Bb2 Ne4 28.a4 Nc5 29.f3 Bd7  1/2-1/2

[Event "ECC"]
[Site "Rethymnon GRE"]
[Date "2003.09.28"]
[Round "1"]
[White "Koerholz,L"]
[Black "Hracek,Z"]
[Result "0-1"]
[WhiteElo "2336"]
[BlackElo "2584"]

1.d4 Nf6 2.c4 e6 3.Nf3 Bb4+ 4.Nbd2 d5 5.g3 dxc4 6.Bg2 O-O 7.O-O b5 8.a4 c6
9.Qc2 Bb7 10.Rd1 Nbd7 11.e4 Re8 12.e5 Nd5 13.Ne4 Bf8 14.h4 Nb4 15.Qe2 Nd3
16.Bg5 f6 17.exf6 gxf6 18.Be3 Nb6 19.b3 Nd5 20.bxc4 bxc4 21.Nfd2 Ba6 22.Bf1 f5
23.Ng5 h6 24.Qh5 hxg5 25.Qg6+ Bg7 26.Bxg5 Qd7 27.g4 Qf7  0-1

[Event "300 Years"]
[Site "St Petersburg RUS"]
[Date "2003.10.19"]
[Round "2"]
[White "Belov,Vl"]
[Black "Kuzubov,Y"]
[Result "1-0"]
[WhiteElo "2553"]
[BlackElo "2441"]

1.d4 Nf6 2.c4 e6 3.Nf3 Bb4+ 4.Nbd2 b6 5.a3 Bxd2+ 6.Qxd2 Bb7 7.e3 a5 8.b3 O-O
9.Be2 d5 10.O-O Nbd7 11.Bb2 a4 12.b4 Ne4 13.Qc2 dxc4 14.Bxc4 Nd6 15.Bd3 f5
16.Qe2 Be4 17.Rac1 Nf6 18.Ne5 Bxd3 19.Nxd3 Nd5 20.f3 Qg5 21.Rfe1 b5 22.Rc5 Qg6
23.Bc1 Rac8 24.e4 fxe4 25.fxe4 Nb6 26.Rg5 Qe8 27.Qg4 Qf7 28.h4 Nd7 29.e5 Nf5
30.d5 Rfe8 31.Nf4 g6 32.h5 Ng7 33.hxg6 hxg6 34.Rxg6  1-0

[Event "EuTCh w"]
[Site "Plovdiv BUL"]
[Date "2003.10.20"]
[Round "9"]
[White "Galliamova,A"]
[Black "Ciuksyte,D"]
[Result "0-1"]
[WhiteElo "2502"]
[BlackElo "2295"]

1.d4 Nf6 2.c4 e6 3.Nf3 Bb4+ 4.Nbd2 O-O 5.a3 Bxd2+ 6.Qxd2 b6 7.e3 Bb7 8.Be2 d6
9.O-O Nbd7 10.b4 c5 11.Bb2 Qe7 12.Rfd1 Rfd8 13.dxc5 dxc5 14.Qc3 Rac8 15.b5 Ne8
16.a4 f6 17.a5 Nd6 18.Nd2 e5 19.f3 Nf8 20.Qc2 Rd7 21.Nb1 Qf7 22.axb6 axb6
23.Ra4 Rcd8 24.Nc3 Ng6 25.Bf1 Nh4 26.Qf2 Qh5 27.Ra7 Nhf5 28.Raa1 Qg5 29.Bc1 e4
30.f4 Qg6 31.Ra2 h5 32.Rad2 Qf7 33.g3 Nh6 34.Qe2 Ng4 35.h3 Nh6 36.Na4 Ndf5
37.Kh2 h4 38.g4 Ng3 39.Qe1 Qe6 40.Rxd7 Rxd7 41.Rxd7 Qxd7 42.Nxb6 Qd6 43.Na4 g5
44.Nc3 Qe6 45.Qd1 gxf4 46.exf4 e3 47.Be2 Nf7 48.Qd3 Nd6 49.Qxe3 Nde4 50.Nxe4 Bxe4
51.Bd2 Qd6 52.Kg1 Qd4 53.Bf1 Qb2 54.Qc3 Qb1 55.Qc1 Qb3 56.Qe1 Qf3 57.Ba5 Nxf1  0-1

[Event "Ralston IM"]
[Site "San Francisco USA"]
[Date "2003.10.25"]
[Round "2"]
[White "Lobo,Ri"]
[Black "De Guzman,R"]
[Result "0-1"]
[WhiteElo "2302"]
[BlackElo "2417"]

1.d4 Nf6 2.c4 e6 3.Nf3 Bb4+ 4.Nbd2 b6 5.a3 Bxd2+ 6.Bxd2 Bb7 7.Bg5 d6 8.e3 h6
9.Bh4 Nbd7 10.Nd2 Qe7 11.Qa4 g5 12.Bg3 a5 13.f3 c5 14.O-O-O cxd4 15.exd4 Kf8
16.Nb1 Rc8 17.Nc3 Kg7 18.Kb1 d5 19.cxd5 Nxd5 20.Nxd5 Bxd5 21.Bb5 Nf8 22.Rc1 Ng6
23.Bd7 Rxc1+ 24.Rxc1 Rd8 25.Bb5 Nf4 26.Bf1 Rd7 27.Qc2 Bb7 28.Qc3 Qf6 29.Bf2 Bd5
30.Qe3 Bb7 31.g3 Ng6 32.Be2 Qf5+ 33.Ka1 Qd5 34.h4 Rd6 35.Be1 Rc6 36.Rxc6 Bxc6
37.hxg5 hxg5 38.Bc3 f6 39.Bd1 Kf7 40.Qd3 Nf8 41.Qe2 Qd6 42.Qe1 Bd5 43.Qf2 Qc6
44.Kb1 Qc4 45.Qe2 Qc6 46.Qf2 Ng6 47.Qh2 Kg7 48.Qh5 Qc4 49.Qh2 Bxf3 50.Bc2 Qf1+
51.Ka2 Bd5+ 52.b3 a4 53.Kb2 axb3 54.Bb1 Qf3 55.a4 f5 56.Bd2 Qg4 57.Bd3 e5
58.dxe5 Qxa4 59.Bb1 Be6 60.Bxg5 Qd4+ 61.Ka3 Qa1+ 62.Kb4 Qa5+  0-1

[Event "WYb18"]
[Site "Halkidiki GRE"]
[Date "2003.10.26"]
[Round "4"]
[White "Popovics,A"]
[Black "Blackburn,J"]
[Result "1-0"]
[WhiteElo "2431"]
[BlackElo "2193"]

1.d4 Nf6 2.c4 e6 3.Nf3 Bb4+ 4.Nbd2 b6 5.a3 Be7 6.e4 d6 7.Bd3 Bb7 8.O-O Nbd7
9.d5 e5 10.b4 a5 11.Bb2 O-O 12.Nb3 axb4 13.axb4 c5 14.bxc5 Nxc5 15.Nxc5 bxc5
16.Rxa8 Qxa8 17.Qb3 Bc8 18.Ra1 Qb7 19.Qxb7 Bxb7 20.Ra7 Rb8 21.Nxe5 Bf8 22.Nc6 Bxc6
23.dxc6 Rc8 24.Bxf6 gxf6 25.c7 d5 26.e5  1-0

[Event "1st Chesspangenberg Open"]
[Site "Buenos Aires ARG"]
[Date "2003.11.06"]
[Round "3"]
[White "Bernal,G"]
[Black "Dorin,M"]
[Result "0-1"]
[WhiteElo "2162"]
[BlackElo "2395"]

1.d4 Nf6 2.c4 e6 3.Nf3 Bb4+ 4.Nbd2 d5 5.Qa4+ Nc6 6.a3 Be7 7.e3 O-O 8.Bd3 Bd7
9.Qc2 a5 10.b3 h6 11.Bb2 Ne8 12.O-O f5 13.Ne5 Nxe5 14.dxe5 c5 15.cxd5 exd5
16.f4 a4 17.bxa4 Bxa4 18.Qb1 Qd7 19.g4 fxg4 20.f5 Bg5 21.Qe1 Bb5 22.Bc2 Bxf1
23.Nxf1 Nc7 24.e4 d4 25.Qg3 Qb5 26.Bc1 c4 27.Bxg5 hxg5 28.e6 Qc5 29.Bd1 d3+
30.Kh1 Nxe6 31.Bxg4 Nf4 32.Bf3 Rxa3  0-1

[Event "ch-UKR w"]
[Site "Nikolaev UKR"]
[Date "2003.11.07"]
[Round "4"]
[White "Kostak,T"]
[Black "Aslanian,L"]
[Result "1/2-1/2"]
[WhiteElo "2071"]
[BlackElo "2193"]

1.d4 Nf6 2.c4 e6 3.Nf3 Bb4+ 4.Nbd2 d5 5.Qa4+ Nc6 6.e3 Bd7 7.Qc2 Ne4 8.a3 Bxd2+
9.Bxd2 a5 10.Bd3 f5 11.b3 O-O 12.O-O Qf6 13.Bc3 Nxc3 14.Qxc3 Be8 15.cxd5 exd5
16.b4 Qd6 17.b5 Nd8 18.Rfc1 Ne6 19.Qc2 g6 20.g3 Rf7 21.a4 Rg7 22.Rab1 Rc8
23.Qc3 b6 24.Ne5 Ng5 25.Rb3 Re7 26.Kg2 Ne4 27.Qb2 Nf6 28.Qa3 Qxa3 29.Rxa3 Rg7
30.Rac3 Kf8 31.Nc6 Ra8 32.Ne5 Rc8 33.Bb1 h5 34.h4 Ne4 35.R3c2 Nf6 36.f3 Kg8
37.Rc3 Kh7 38.Bd3 Kh6 39.R3c2 Rh7 40.f4 Rg7 41.Be2 Kh7 42.Nf3 Re7 43.Ng5+ Kg8
44.Kf2 Kh8 45.Bf3 Kg8 46.Ke2 Kh8 47.Kd2 Kg8 48.Nh3 Kh8 49.Nf2 Kg8 50.Nd3 Kh8
51.Ne5 Rg7 52.Ke2 Kg8 53.Nc6 Ra8 54.Ne5 Rc8 55.Kf2 Kh8 56.Kg2 Kg8 57.Rc3 Kh8
58.Be2 Kg8 59.Bd3 Kh8 60.Bc2 Kg8 61.Bb3 Kh8 62.Kf3 Kh7 63.Ke2 Kh8 64.Nf3 Re7
65.Ng5 Kg8 66.Nf3 Kh8 67.Ne5 Rg7 68.R3c2 Kh7 69.Rh1 Kh8 70.Kf3 Kh7 71.Nc6 Ra8
72.Re1 Kh8  1/2-1/2

[Event "TCh-CZE Extraliga 2003-4"]
[Site "Czech Rep CZE"]
[Date "2003.11.09"]
[Round "2"]
[White "Markos,J"]
[Black "Stocek,J"]
[Result "1/2-1/2"]
[WhiteElo "2459"]
[BlackElo "2545"]

1.d4 Nf6 2.c4 e6 3.Nf3 Bb4+ 4.Nbd2 d5 5.Qa4+ Nc6 6.a3 Be7 7.g3 O-O 8.Bg2 Ne4
9.O-O f5 10.e3 a5 11.Qc2 a4 12.Ne1 Bd7 13.Nd3 Be8 14.Nf3 Kh8 15.Bd2 Bh5 16.Nfe5 Nxe5
17.Nxe5 Bd6 18.cxd5 exd5 19.f3 Nxd2 20.Qxd2 Ra6 21.f4 Rb6 22.Rac1 c6  1/2-1/2

[Event "1st Chesspangenberg Open"]
[Site "Buenos Aires ARG"]
[Date "2003.11.13"]
[Round "9"]
[White "Sorin,A"]
[Black "Dorin,M"]
[Result "1-0"]
[WhiteElo "2512"]
[BlackElo "2395"]

1.d4 Nf6 2.c4 e6 3.Nf3 Bb4+ 4.Nbd2 b6 5.e3 Bb7 6.Bd3 O-O 7.O-O c5 8.a3 Bxd2
9.Bxd2 d6 10.b4 Ne4 11.Bxe4 Bxe4 12.Bc3 Nd7 13.dxc5 dxc5 14.Nd2 Bb7 15.Qg4 e5
16.bxc5 bxc5 17.Nb3 f5 18.Qg3 Qe7 19.Na5 Be4 20.Rad1 Rae8 21.f3 Bc2 22.Rd5 Ba4
23.Rb1 f4 24.Qf2 Rb8 25.Re1 Qf7 26.exf4 exf4 27.Rg5 g6 28.h4 h6 29.Rg4 h5
30.Rg5 Kh7 31.Qd2 Rfe8 32.Rxe8 Rxe8 33.Nb7 Qe7 34.Nd6 Qe3+ 35.Kh2 Re6 36.Ne4 Bc6
37.Qxe3 fxe3 38.Nxc5 Nxc5 39.Rxc5 a6 40.Ra5 Bb7 41.Kg1 Rc6 42.c5 Re6 43.Ra4 Kg8
44.Rb4 Bd5 45.Rd4 Bc6 46.a4 Kf7 47.Kf1 e2+ 48.Ke1 Ke8 49.Bd2 Kf7 50.Bf4 Ke8
51.Bd6 Re3 52.Rb4 Ra3 53.Kxe2 Kd7 54.Rf4 Ke6 55.Rb4 Kd5 56.Rf4 Ke6 57.Rb4 Kd5
58.g4 Bxa4 59.gxh5 gxh5 60.f4 Bb5+ 61.Kf2 Ra2+ 62.Ke1 Re2+ 63.Kd1 Rf2 64.Be7 Ke6
65.Re4+ Kd5 66.Re5+ Kd4 67.Rxh5 Rf1+ 68.Kc2 Rxf4 69.Rh8 Rf2+ 70.Kb3 a5 71.Rd8+ Ke4
72.Rf8 Rh2 73.Rb8 Rh3+ 74.Kc2 Bc6 75.Rd8 Ba4+ 76.Kb2 Rb3+ 77.Ka2 Rb7 78.Bf6 Rd7
79.Ra8 Rf7 80.Bg5 Kd5 81.Rxa5 Bc6 82.Ka3 Kc4 83.Kb2 Rf2+ 84.Kc1 Kb4 85.Ra7 Re2
86.h5 Kxc5 87.h6 Rh2 88.Re7 Kd4 89.h7 Rh1+ 90.Kb2 Kc4 91.Bf6 Rh2+ 92.Kc1 Rh1+
93.Kd2 Rh2+ 94.Ke1 Rh1+ 95.Kf2  1-0

[Event "TCh-SLO"]
[Site "Celje SLO"]
[Date "2003.11.20"]
[Round "5"]
[White "Dizdar,G"]
[Black "Stucl,B"]
[Result "1-0"]
[WhiteElo "2530"]
[BlackElo "2336"]

1.d4 Nf6 2.Nf3 e6 3.c4 Bb4+ 4.Nbd2 O-O 5.g3 d5 6.Bg2 b6 7.O-O Bb7 8.Ne5 Bd6
9.cxd5 exd5 10.Ndc4 Be7 11.b3 Qc8 12.Ne3 Rd8 13.Qc2 g6 14.Bb2 c5 15.Rac1 a5
16.Nd3 Na6 17.dxc5 bxc5 18.Bxf6 Bxf6 19.Nxc5 Nxc5 20.Qxc5 Qe6 21.Rfd1 Bb2
22.Rb1 Rac8 23.Qxa5 Bc3 24.b4 Bf6 25.Bxd5 Bxd5 26.Rxd5 Re8 27.Qb5 Rc3 28.Rbd1 Bg7
29.a4 h5 30.R5d3 Rcc8 31.Qd5 Qb6 32.Qb3 Rb8 33.b5 h4 34.Rd6 Qb7 35.Qd5 Qc7
36.Rc6 Qe7 37.Rxg6 Red8 38.Rxg7+ Kxg7 39.Nf5+  1-0

[Event "Kurent Men"]
[Site "Ptuj SLO"]
[Date "2003.12.03"]
[Round "5"]
[White "Koziak,V"]
[Black "Kozakov,M"]
[Result "1/2-1/2"]
[WhiteElo "2460"]
[BlackElo "2457"]

1.Nf3 Nf6 2.d4 e6 3.c4 Bb4+ 4.Nbd2 d5 5.e3 O-O 6.a3 Be7 7.Bd3 c5 8.O-O b6
9.b3 Bb7 10.Bb2 Nbd7 11.Qe2 Ne4 12.Rfd1 Qc7 13.Rac1  1/2-1/2

[Event "Cultural Village"]
[Site "Wijk aan Zee NED"]
[Date "2003.12.03"]
[Round "9"]
[White "Bottema,To"]
[Black "Wohl,A"]
[Result "0-1"]
[WhiteElo "2305"]
[BlackElo "2379"]

1.d4 Nf6 2.Nf3 e6 3.c4 Bb4+ 4.Nbd2 b6 5.a3 Bxd2+ 6.Qxd2 Bb7 7.e3 O-O 8.Bd3 c5
9.dxc5 bxc5 10.O-O a5 11.b3 Nc6 12.Bb2 Qe7 13.Qc2 h6 14.Rad1 Rfd8 15.Ne5 d6
16.Nxc6 Bxc6 17.Bc3 Ra6 18.Qb2 Rb8 19.Bc2 Ne8 20.Qc1 d5 21.Qd2 dxc4 22.bxc4 a4
23.Qd3 f5 24.f3 Raa8 25.Be5 Rd8 26.Qc3 Nf6 27.h3 Nd7 28.Bc7 Rdc8 29.Bd6 Qf6
30.Qxf6 gxf6 31.g4 fxg4 32.hxg4 Ra7 33.Kf2 Rb7 34.Rb1 Nb6 35.Bxc5 Nxc4 36.Bb4 Ne5
37.e4 Bb5 38.Rfc1 Rcc7 39.Rb2 Bd3 40.f4 Nxg4+ 41.Kg3 Bxc2 42.Kxg4 Bxe4 43.Rxc7 Rxc7
44.Bd6 Rc3 45.Kh4 Kf7 46.Rh2 Bf5 47.Rh1 Rd3 48.Bc5 h5 49.Rh2 Bg4 50.Bb4 Kg6  0-1

[Event "TCh-CZE Extraliga 2003-4"]
[Site "Czech Rep CZE"]
[Date "2003.12.07"]
[Round "4"]
[White "Jakubiec,A"]
[Black "Babula,V"]
[Result "0-1"]
[WhiteElo "2538"]
[BlackElo "2567"]

1.d4 Nf6 2.c4 e6 3.Nf3 Bb4+ 4.Nbd2 b6 5.a3 Bxd2+ 6.Bxd2 Bb7 7.Bg5 h6 8.Bh4 d6
9.e3 Nbd7 10.Bd3 g5 11.Bg3 Ne4 12.Bxe4 Bxe4 13.h4 Qf6 14.hxg5 hxg5 15.Rg1 Bxf3
16.gxf3 O-O-O 17.a4 e5 18.d5 a5 19.b4 axb4 20.a5 e4 21.fxe4 Qc3+ 22.Ke2 Qxc4+
23.Qd3 Qxd3+ 24.Kxd3 Nc5+ 25.Kc4 bxa5 26.Rxa5 Nxe4 27.Rb5 Kd7 28.Rxb4 Ra8
29.Kd4 Rhe8 30.Rc1 Ra2 31.Rc6 Rd2+ 32.Kc4 Nxg3 33.fxg3 Rxe3 34.Rb7 Rc2+  0-1

[Event "22nd SEA Games Team Standard"]
[Site "Ho Chi Minh City VIE"]
[Date "2003.12.07"]
[Round "1"]
[White "Adianto,U"]
[Black "Jiravorasuk,B"]
[Result "1-0"]
[WhiteElo "2581"]
[BlackElo "2276"]

1.d4 Nf6 2.c4 e6 3.Nf3 Bb4+ 4.Nbd2 Ne4 5.a3 Bxd2+ 6.Nxd2 Nxd2 7.Bxd2 O-O
8.e4 d6 9.Bc3 Nc6 10.Be2 e5 11.d5 Ne7 12.c5 f5 13.cxd6 cxd6 14.exf5 Bxf5
15.O-O Be4 16.Bc4 Kh8 17.Re1 Bg6 18.Rc1 Nf5 19.Qd2 Nh6 20.h3 Nf5 21.Bf1 a5
22.f4 exf4 23.Qxf4 Qb6+ 24.Kh2 Rae8 25.Re6 Rxe6 26.dxe6 Qe3 27.Qxe3 Nxe3
28.Bb5 Rf2 29.Bd4 Rxg2+ 30.Kh1 Be4 31.Rc8+  1-0

[Event "22nd SEA Games Standard"]
[Site "Ho Chi Minh City VIE"]
[Date "2003.12.10"]
[Round "4"]
[White "Leong,L"]
[Black "Nguyen Anh Dung"]
[Result "1/2-1/2"]
[WhiteElo "2263"]
[BlackElo "2540"]

1.d4 Nf6 2.c4 e6 3.Nf3 Bb4+ 4.Nbd2 O-O 5.g3 b6 6.Bg2 Bb7 7.O-O Bxd2 8.Bxd2 Be4
9.Re1 d6 10.Rc1 Nbd7 11.Bc3 h6 12.Bf1 Bh7 13.Nd2 Ne4 14.Nxe4 Bxe4 15.f3 Bh7
16.e4 Qe7 17.Bg2 Rad8 18.Qa4 a5 19.Rcd1 e5 20.Qc6 exd4 21.Bxd4 Ne5 22.Qa4 Rfe8
23.b3 Bg6 24.Re3 f6 25.Rde1 Qd7 26.Qxd7 Nxd7 27.Bf1 Nc5 28.Kf2 Bf7 29.Rc3 Re7
30.a3 Ra8 31.Rce3 Kf8 32.Ra1 Ree8 33.Bxc5 bxc5 34.a4 Rab8 35.Rd3 Bg6 36.Bh3 Re5
37.Bg4 Rbe8 38.Ra2 f5 39.exf5 Bxf5 40.Bxf5 Rxf5 41.Re2 Rxe2+ 42.Kxe2 Kf7  1/2-1/2

[Event "ch-IND National A"]
[Site "Calicut IND"]
[Date "2003.12.16"]
[Round "19"]
[White "Srinivasa Rao,M"]
[Black "Harikrishna,P"]
[Result "0-1"]
[WhiteElo "2329"]
[BlackElo "2570"]

1.d4 Nf6 2.Nf3 e6 3.c4 Bb4+ 4.Nbd2 O-O 5.g3 d5 6.Bg2 c5 7.cxd5 Qxd5 8.O-O cxd4
9.Nb3 d3 10.exd3 Qd8 11.Ne5 Nbd7 12.Nxd7 Qxd7 13.Be3 Nd5 14.Bd4 Be7 15.Rc1 Bf6
16.Bxf6 Nxf6 17.Nc5 Qd4 18.Qe2 Rb8 19.Rc4 Qd6 20.Rfc1 Nd5 21.Qc2 Rd8 22.d4 h6
23.Qe4 b6 24.Nd3 Nf6 25.Qe3 Ba6 26.Rc7 Bxd3 27.Qxd3 a5 28.Qa6 Qxd4 29.Qa7 Nd7
30.R1c4 Qd1+ 31.Bf1 Ne5 32.Rf4 Rf8  0-1

[Event "12th Donau Open"]
[Site "Aschach GER"]
[Date "2003.12.27"]
[Round "2"]
[White "Krebs,Jo"]
[Black "Tratar,M"]
[Result "0-1"]
[WhiteElo "2276"]
[BlackElo "2452"]

1.d4 Nf6 2.c4 e6 3.Nf3 Bb4+ 4.Nbd2 O-O 5.g3 d5 6.Qc2 b6 7.Bg2 Bb7 8.O-O Nbd7
9.Rd1 c5 10.Ne5 cxd4 11.Ndf3 Nxe5 12.Nxe5 Qc7 13.Bf4 Bd6 14.Nd3 e5 15.Bd2 e4
16.Nf4 dxc4 17.Rac1 b5 18.Nh3 d3 19.Qb1 Rac8 20.Be3 Qb8 21.Bd4 Be5 22.Bxe5 Qxe5
23.b3 Ba6 24.Nf4 g5 25.Nh3 h6 26.Bf1 Nd5 27.exd3 cxd3 28.Re1 d2 29.Rxc8 Rxc8
30.Rd1 Nc3  0-1

[Event "Christmas Open"]
[Site "Zurich SUI"]
[Date "2003.12.27"]
[Round "3"]
[White "Malakhatko,V"]
[Black "Milosevic,G"]
[Result "1-0"]
[WhiteElo "2529"]
[BlackElo "2405"]

1.d4 Nf6 2.c4 e6 3.Nf3 Bb4+ 4.Nbd2 O-O 5.a3 Be7 6.g3 c5 7.dxc5 Bxc5 8.Bg2 a5
9.Nb3 Be7 10.Nbd4 a4 11.O-O d6 12.Nb5 Nc6 13.Bf4 e5 14.Bg5 Na5 15.Nd2 Be6
16.Rc1 Ra6 17.Bxf6 Bxf6 18.Bd5 Bg4 19.Re1 Bg5 20.Rb1 Bxd2 21.Qxd2 Nb3 22.Qb4 Nc5
23.Rbd1 Rb6 24.Qa5 Ra6 25.Qd2 Qe7 26.Qe3 Rb6 27.Nxd6 Rxd6 28.Qxc5 Rfd8 29.Qb4 Be6
30.Qxa4 Bxd5 31.cxd5 Rxd5 32.Rxd5 Rxd5 33.Rd1 Rxd1+ 34.Qxd1 h5 35.Qd5 g6
36.h4 b6 37.Kg2 Kg7 38.b4 f6 39.e3 Qa7 40.Qc6 Qxa3 41.Qb7+ Kh6 42.Qxb6 Qa8+
43.Kg1 f5 44.Qd6 Qa1+ 45.Kg2 Qa8+ 46.Kh2 Qa2 47.Kg2 Qa8+ 48.Kf1 Qa1+ 49.Ke2 Qa2+
50.Qd2 Qb1 51.Qc3 Qa2+ 52.Kf1 Qd5 53.Qc5 Qd3+ 54.Kg2 Qe4+ 55.Kh2 Qf3 56.Kg1 Qd1+
57.Kg2 e4 58.Qd4  1-0

[Event "Hilton Chess Festival"]
[Site "Basel SUI"]
[Date "2004.01.01"]
[Round "2"]
[White "Malakhatko,V"]
[Black "Nemet,I"]
[Result "1-0"]
[WhiteElo "2543"]
[BlackElo "2383"]

1.d4 Nf6 2.c4 e6 3.Nf3 Bb4+ 4.Nbd2 O-O 5.a3 Bxd2+ 6.Qxd2 a5 7.b3 d5 8.Qc2 Ne4
9.g3 b6 10.Bg2 c6 11.O-O a4 12.b4 Ba6 13.Ne5 f6 14.b5 fxe5 15.bxa6 exd4 16.Bb2 c5
17.Bxe4 dxe4 18.Qxe4 Rxa6 19.e3 e5 20.Qxe5 Re8 21.Qf4 Rf8 22.Qg4 b5 23.exd4 Rg6
24.Qd1 Rd6 25.cxb5 Nd7 26.Qxa4 Nb6 27.Qb3+ c4 28.Qc3 Qc8 29.d5 Rf7 30.Rfe1 Nxd5
31.Qe5 Rd8 32.Rad1 Qc5 33.Qd4 Qxb5 34.Ba1 Rfd7 35.Rc1 Nb6 36.Qg4 Qc5 37.Re5 Qxa3
38.Rce1 Qf8 39.Qe6+  1-0

[Event "Open"]
[Site "Auckland NZL"]
[Date "2004.01.21"]
[Round "5"]
[White "Smith,Ro"]
[Black "Johansen,D"]
[Result "0-1"]
[WhiteElo "2294"]
[BlackElo "2519"]

1.d4 e6 2.c4 Nf6 3.Nf3 Bb4+ 4.Nbd2 b6 5.e3 Bb7 6.Bd3 O-O 7.O-O d5 8.a3 Be7
9.b3 Nbd7 10.Bb2 c5 11.Qe2 Rc8 12.Rad1 Qc7 13.Ne5 cxd4 14.exd4 dxc4 15.Ndxc4 Nd5
16.Nxd7 Qxd7 17.Ne5 Qd6 18.Qd2 Nf6 19.f3 Rc7 20.Rc1 Rfc8 21.Rxc7 Rxc7 22.Rc1 Nd5
23.Rxc7 Qxc7 24.Be4 Bd6 25.Qc1 f6 26.Qxc7 Bxc7 27.Nd3 a5 28.Kf2 Ba6 29.Bxd5 exd5
30.Nc1 Kf7 31.g3 Ke6 32.Ke3 h5 33.Ne2 g5 34.Nc3 h4 35.Kf2 Bd3 36.Bc1 Bd6
37.Na4 Bc2 38.Nxb6 Bxb3 39.Nc8 Bc7 40.Na7 Ba4 41.gxh4 gxh4 42.Kg2 Kd7 43.Kh3 Bb6
44.Bd2 Bxa7 45.Bxa5 Bxd4 46.Kxh4 Be5 47.h3 Ke6 48.Kg4 f5+ 49.Kg5 Bf6+ 50.Kf4 Be7
51.Bb4 Bh4 52.Bc5 Bb5 53.Ke3 Be8 54.Bb4 Bf6 55.Bc5 Bc6 56.Bd4 f4+ 57.Kd3 Be7
58.Bb2 Bb5+ 59.Kd2 Bf1 60.a4 Bb4+ 61.Kd1 Bxh3 62.Bd4 Bf1 63.Bb6 Kd6 64.Bd8 Bc5  0-1

[Event "ch-Kiev"]
[Site "Kiev UKR"]
[Date "2004.01.21"]
[Round "5"]
[White "Malakhatko,V"]
[Black "Semenov,D UKR"]
[Result "1/2-1/2"]
[WhiteElo "2543"]
[BlackElo "2329"]

1.d4 Nf6 2.c4 e6 3.Nf3 Bb4+ 4.Nbd2 b6 5.g3 Bb7 6.Bg2 O-O 7.O-O c5 8.a3 Bxd2
9.Qxd2 cxd4 10.Qxd4 Nc6 11.Qd3 d5 12.cxd5 Qxd5 13.Qxd5 Nxd5 14.Bd2 Rfd8 15.Rac1 Rac8
16.Rc2 Ne5 17.Rfc1 Nxf3+ 18.Bxf3 Kf8 19.Rxc8 Rxc8 20.Rxc8+ Bxc8 21.Bg2 Bb7
22.e4 Ne7 23.f3 Nc6 24.Bf1 Ke7 25.Kf2 Bc8 26.Ke3 Kd6 27.b4 a6 28.a4 Na7 29.e5+ Kc7
30.Bd3 h6 31.g4 Bd7 32.a5 Bb5 33.Be4 Nc6 34.f4 bxa5 35.bxa5 Kd7 36.h4 Ke7
37.h5 Kf8 38.Bc3 Kg8 39.Bd3 Bxd3 40.Kxd3 Nb8 41.f5 Nd7 42.Bd4 Kh7 43.Ke4 Kg8
44.Bb6 Kh7 45.Bc7 Nc5+ 46.Kd4 Nd7 47.Bd6 Kg8 48.Ke4 Kh7 49.Kf4 Kg8 50.Be7 Nb8
51.Bd8 Nd7 52.Bb6 Kh7 53.Bc7 Kg8 54.Bd6 Kh7 55.Kg3 Kg8 56.Kf3 Kh8  1/2-1/2

[Event "TCh-AUT 2003-4"]
[Site "Velden AUT"]
[Date "2004.01.25"]
[Round "7"]
[White "Lehner,O"]
[Black "Zelcic,R"]
[Result "0-1"]
[WhiteElo "2404"]
[BlackElo "2524"]

1.d4 Nf6 2.c4 e6 3.Nf3 Bb4+ 4.Nbd2 b6 5.a3 Bxd2+ 6.Bxd2 Bb7 7.Bg5 d6 8.e3 Nbd7
9.Be2 h6 10.Bxf6 Nxf6 11.O-O O-O 12.b4 Qe7 13.Qb3 Ne4 14.Rfd1 c5 15.Nd2 a5
16.bxc5 bxc5 17.Rab1 Bc6 18.Nxe4 Bxe4 19.Bd3 Bxd3 20.Qxd3 Rfc8 21.d5 Rab8
22.g3 e5 23.Rb5 Rxb5 24.cxb5 c4 25.Qc3 Qc7 26.Rb1 Qc5 27.Qxa5 c3 28.Qa6 c2
29.Rc1 Qc4 30.e4 Rc5 31.Qxd6 Rxb5 32.Qc6 Qxc6  0-1

[Event "1st WinTV Open"]
[Site "Chennai IND"]
[Date "2004.01.30"]
[Round "11"]
[White "Lodhi,M"]
[Black "Safin,S"]
[Result "0-1"]
[WhiteElo "2395"]
[BlackElo "2528"]

1.d4 Nf6 2.c4 e6 3.Nf3 Bb4+ 4.Nbd2 b6 5.g3 Bb7 6.Bg2 O-O 7.O-O a5 8.Qc2 d6
9.e4 Bxd2 10.Nxd2 Nc6 11.d5 Nd4 12.Qd3 e5 13.Nb3 c5 14.dxc6 Nxc6 15.Bd2 Nd7
16.Qxd6 a4 17.Bg5 f6 18.Bh3 axb3 19.Bxd7 Rf7 20.Qxc6 Bxc6 21.Bxc6 fxg5 22.Bxa8 Qxa8
23.axb3 Qxe4 24.Rae1 Qd4 25.Re2 h6 26.Rc1 Rf3 27.b4 Rb3 28.c5 Rxb2 29.Rxb2 Qxb2
30.Rd1 b5 31.c6 Qc3 32.Rd6 Kh7 33.h3 Qe1+ 34.Kg2 Qxb4  0-1

[Event "TCh-BEL2 2003-4"]
[Site "Belgium BEL"]
[Date "2004.02.15"]
[Round "9"]
[White "Bouhallel,R"]
[Black "Klyuner,V"]
[Result "1-0"]
[WhiteElo "2302"]
[BlackElo "2402"]

1.d4 Nf6 2.Nf3 e6 3.c4 Bb4+ 4.Nbd2 d5 5.e3 O-O 6.a3 Be7 7.Bd3 b6 8.O-O Bb7
9.b4 Nbd7 10.Bb2 c5 11.dxc5 bxc5 12.b5 Ne4 13.Qc2 f5 14.Rad1 Qc7 15.Rfe1 Rac8
16.Nf1 Bf6 17.Ng3 g6 18.Bf1 Ne5 19.Nxe5 Bxe5 20.Bxe5 Qxe5 21.Ne2 Rfd8 22.f3 Nf6
23.Nf4 Kf7 24.Nd3 Qd6 25.a4 Qc7 26.Rc1 Nd7 27.Qc3 dxc4 28.Qxc4 Qd6 29.Red1 Bd5
30.Qh4 Nf6 31.Nf2 Qe5 32.Re1 Bb3 33.e4 Qd4 34.f4 fxe4 35.Kh1 Kg7 36.Nh3 h6
37.Qg3 Qd5 38.Rc3 c4 39.Rec1 Kh7 40.Qh4 Kg7 41.Nf2 Qh5 42.Qg3 Qf5 43.Bxc4 Rxc4
44.Rxc4 Bxc4 45.Rxc4 e5 46.h3 exf4 47.Qc3 Kh7 48.Nxe4 Rd1+ 49.Kh2 Nxe4 50.Qc2 Rd7
51.Qxe4 Qxe4 52.Rxe4 Rf7 53.Kg1 g5 54.Re6 h5 55.Kf2 g4 56.hxg4 hxg4 57.Ra6 Kg8
58.Rg6+ Kf8 59.Rxg4 Ke7 60.Kf3 Kd7 61.Rxf4 Re7 62.g4 Kc7 63.Rf6  1-0

[Event "8th Open"]
[Site "St Lo FRA"]
[Date "2004.02.15"]
[Round "2"]
[White "Chatalbashev,B"]
[Black "Cioara,A"]
[Result "1-0"]
[WhiteElo "2546"]
[BlackElo "2361"]

1.d4 Nf6 2.c4 e6 3.Nf3 Bb4+ 4.Nbd2 b6 5.a3 Bxd2+ 6.Qxd2 Bb7 7.e3 d6 8.Be2 O-O
9.O-O Ne4 10.Qc2 f5 11.b4 Nd7 12.Bb2 Rf6 13.d5 Rg6 14.Nd4 Nf8 15.Bd3 Qg5
16.f4 Qh5 17.Bxe4 fxe4 18.f5 Rh6 19.h3 exd5 20.cxd5 Bxd5 21.Qxc7 Qg5 22.Kh2 Rd8
23.Ne6 Bxe6 24.fxe6 Nxe6 25.Qf7+ Kh8 26.Rf5 Qg6 27.Raf1 Qxf7 28.Rxf7 Rg6
29.Rxa7 b5 30.Rb7 Rg5 31.h4 Rh5 32.Kh3 Re8 33.Rd1 Kg8 34.Rxd6 g5 35.Kg4 Rxh4+
36.Kf5 Rh6 37.Bf6 g4 38.Rxe6 Rh5+ 39.Kxg4 Rxe6 40.Kxh5 Rxf6 41.Rxb5 Rf2 42.a4 Re2
43.a5 Rxe3 44.a6  1-0

[Event "ch-CZE"]
[Site "Karlovy Vary CZE"]
[Date "2004.02.19"]
[Round "3"]
[White "Navara,D"]
[Black "Bernasek,J"]
[Result "1-0"]
[WhiteElo "2604"]
[BlackElo "2381"]

1.d4 Nf6 2.c4 e6 3.Nf3 Bb4+ 4.Nbd2 b6 5.a3 Bxd2+ 6.Bxd2 Bb7 7.Bg5 d6 8.e3 Nbd7
9.Bd3 h6 10.Bh4 e5 11.Bf5 exd4 12.Qxd4 Nc5 13.Rd1 Ne6 14.Qc3 Qe7 15.O-O g5
16.Bg3 O-O-O 17.c5 bxc5 18.b4 Ne4 19.Bxe4 Bxe4 20.Nd2 Bb7 21.Nc4 Rhe8 22.Na5 f5
23.Qd3 f4 24.Nxb7 Kxb7 25.Qb5+ Kc8 26.exf4 gxf4 27.bxc5 Nxc5 28.Bxf4 Qe4
29.Be3 Re5 30.Rb1 a6 31.Qb4 Qxb4 32.axb4 Ne4 33.Bxh6 Nc3 34.Rb3 Ne2+ 35.Kh1 d5
36.Re3 Rxe3 37.fxe3 d4 38.exd4 Rxd4 39.Bf8 a5 40.bxa5 Ra4 41.Re1 Rxa5 42.h4 Nf4
43.g3 Ng6 44.Bg7 Kd7 45.Kg2 Rd5 46.Kf3 Rf5+ 47.Kg4 Rf7 48.Bb2 Ne7 49.h5 Nf5
50.Re5 Nh6+ 51.Kg5 Ng8 52.Rf5 Rxf5+ 53.Kxf5 Ke8 54.Kg6 Ne7+ 55.Kf6  1-0

[Event "5th Montenegro Open"]
[Site "Sozina SCG"]
[Date "2004.02.23"]
[Round "6"]
[White "Milanovic,Da"]
[Black "Nanu,C"]
[Result "1/2-1/2"]
[WhiteElo "2443"]
[BlackElo "2486"]

1.d4 Nf6 2.c4 e6 3.Nf3 Bb4+ 4.Nbd2 O-O 5.g3 d5 6.Qc2 c5 7.dxc5 Bxc5 8.Bg2 Qc7
9.e3 Be7 10.O-O Nbd7 11.b3 b5 12.Bb2 bxc4 13.bxc4 Ba6 14.Rfc1 Rac8 15.Nd4 Nb6
16.cxd5 Qxc2 17.Nxc2 Nfxd5 18.Nd4 Bb4 19.N2b3 Na4 20.Bxd5 exd5 21.Nc6 Nxb2
22.Nxb4 Bc4 23.Rab1 Nd3 24.Nxd3 Bxd3 25.Rxc8 Rxc8 26.Rc1 Rb8 27.Rc7 a6 28.Kg2 g5
29.g4 Rb6 30.Kg3 Kg7 31.Nc5 Bc4 32.Nd7 Re6 33.a4 Re7 34.Rb7 h6 35.Nc5 Rxb7
36.Nxb7 Kf6 37.f4 Ke6 38.Nd8+ Ke7 39.Nc6+ Kd6 40.Nd4  1/2-1/2